Online
Catalog

Terrorismo : (Record no. 20743)

MARC details
000 -CABECERA
campo de control de longitud fija 00970nam a2200265 a 4500
001 - NÚMERO DE CONTROL
campo de control 000021242
005 - FECHA Y HORA DE LA ÚLTIMA TRANSACCIÓN
campo de control 20240430192052.0
008 - DATOS DE LONGITUD FIJA--INFORMACIÓN GENERAL
campo de control de longitud fija 100902s1984 ag r 000 | spa d
020 ## - NÚMERO INTERNACIONAL ESTÁNDAR DEL LIBRO
Número Internacional Estándar del Libro 950937704x
040 ## - FUENTE DE LA CATALOGACIÓN
Centro catalogador/agencia de origen DO-SdBNP
Lengua de catalogación spa
Centro/agencia transcriptor BNPHU
082 ## - NÚMERO DE LA CLASIFICACIÓN DECIMAL DEWEY
Número de clasificación 303.625
Número de documento/Ítem C641t
049 ## - FONDOS LOCALES (OCLC)
Fondos de biblioteca BNGR
100 1# - ENTRADA PRINCIPAL--NOMBRE DE PERSONA
Nombre de persona Cline, Ray S.
9 (RLIN) 44399
240 10 - TÍTULO UNIFORME
Título uniforme Terrorism : the soviet connection /
Lenguaje de la obra español
245 10 - MENCIÓN DE TÍTULO
Título Terrorismo :
Resto del título la conexión soviética /
Mención de responsabilidad, etc. Ray S. Cline, Yonah Alexander, versión española Margaret Tripp de Fernández.
260 ## - PUBLICACIÓN, DISTRIBUCIÓN, ETC.
Lugar de publicación, distribución, etc. Buenos Aires, (Argentina) :
Nombre del editor, distribuidor, etc. Editorial Clio,
Fecha de publicación, distribución, etc. 1984.
300 ## - DESCRIPCIÓN FÍSICA
Extensión 168 p. :
Otras características físicas il. ;
Dimensiones 19 cm.
500 ## - NOTA GENERAL
Nota general Incluye referencias bibliográfícas
534 ## - NOTA SOBRE LA VERSIÓN ORIGINAL
Encabezamiento principal del original Título original :
Mención de título del original Terrorism : the soviet connection.
650 #0 - PUNTO DE ACCESO ADICIONAL DE MATERIA--TÉRMINO DE MATERIA
Término de materia o nombre geográfico como elemento de entrada Terrorismo
9 (RLIN) 3230
650 #4 - PUNTO DE ACCESO ADICIONAL DE MATERIA--TÉRMINO DE MATERIA
Término de materia o nombre geográfico como elemento de entrada Terrorismo
Subdivisión geográfica Unión Soviética
9 (RLIN) 44400
650 #4 - PUNTO DE ACCESO ADICIONAL DE MATERIA--TÉRMINO DE MATERIA
Término de materia o nombre geográfico como elemento de entrada Terrorismo
Subdivisión general Legislación
9 (RLIN) 44401
700 1# - PUNTO DE ACCESO ADICIONAL--NOMBRE DE PERSONA
Nombre de persona Alexander, Yonah
9 (RLIN) 44402
700 1# - PUNTO DE ACCESO ADICIONAL--NOMBRE DE PERSONA
Nombre de persona Tripp de Fernández, Margaret
9 (RLIN) 44403
Holdings
Estado de retiro Estado de pérdida Restricciones de uso No para préstamo Código de colección Localización permanente Ubicación/localización actual Ubicación en estantería Fecha de adquisición Número de inventario Total de préstamos Signatura topográfica completa Código de barras Fecha visto por última vez Precio válido a partir de Tipo de ítem Koha
        Monografías: Libros y Folletos General General En catalogación 02.09.2010 LF1   303.625 C641t 21242-10 25.06.2020 25.06.2020 Préstamo en sala

Powered by Koha